000 00246nam a22001217a 4500
040 _cHS
082 _a604
100 _aNA
245 _aគំនូរបច្ចេកទេស
260 _aCambodia
_bNA
_c1997
300 _a115p;
942 _cKB
999 _c9346
_d9346